00722nam a2200241 a 4500001001300000003000900013005001700022008004100039020001000080082001300090100003000103245002400133260003600157300001000193500003500203505003100238650002300269700003000292902000800322942000700330952012600337999001700463nice12345678IN_TiNIC20260116013510.0050524s1998 dela grp 000 0 eng  ac10000a297bWAD aWadia, Ardaser Sorabjee N aMessage of Muhammad aDelhibMittal Publicationc1998 a159p. aincludes index and biblioraphy2 aGlossary, Reference, Index aIslam-Meccan Trade1 aWadia, Ardaser Sorabjee N bSRS cBK 001040708StackRoom-aHMIbHMId2010-03-11g100.00l1o297 WADp018785r2020-02-04s2020-01-22v100.00w2005-05-24yBK c11225d11225